Catálogo
 En Linea

Las funciones consulares / (Registro nro. 13219)

Detalles MARC
000 -CABECERA
campo de control de longitud fija 00656nam a2200193 a 4500
001 - NÚMERO DE CONTROL
campo de control 000013604
005 - FECHA Y HORA DE LA ÚLTIMA TRANSACCIÓN
campo de control 20200929163301.0
008 - DATOS DE LONGITUD FIJA--INFORMACIÓN GENERAL
campo de control de longitud fija 091126s1951 dr 000 0 spa d
040 ## - FUENTE DE LA CATALOGACIÓN
Centro catalogador/agencia de origen DO-SdBNP
Lengua de catalogación spa
Centro/agencia transcriptor BNPHU
082 ## - NÚMERO DE LA CLASIFICACIÓN DECIMAL DEWEY
Número de clasificación 341.35
Número de documento/Ítem A516f
049 ## - FONDOS LOCALES (OCLC)
Fondos de biblioteca BNPD
100 1# - ENTRADA PRINCIPAL--NOMBRE DE PERSONA
Nombre de persona Amiama Tió, Fernándo A.
9 (RLIN) 31005
245 14 - MENCIÓN DE TÍTULO
Título Las funciones consulares /
Mención de responsabilidad, etc. Fernándo A. Amiama Tió.
260 ## - PUBLICACIÓN, DISTRIBUCIÓN, ETC.
Lugar de publicación, distribución, etc. Ciudad Trujillo, República Dominicana :
Nombre del editor, distribuidor, etc. Arte y Cine,
Fecha de publicación, distribución, etc. 1951.
300 ## - DESCRIPCIÓN FÍSICA
Extensión 172 p. ;
Dimensiones 24 cm.
650 #4 - PUNTO DE ACCESO ADICIONAL DE MATERIA--TÉRMINO DE MATERIA
Término de materia o nombre geográfico como elemento de entrada Derecho diplomatico y consular
9 (RLIN) 10195
651 #4 - PUNTO DE ACCESO ADICIONAL DE MATERIA--NOMBRE GEOGRÁFICO
Nombre geográfico República Dominicana
Subdivisión general Servicio Diplomatico Consular
9 (RLIN) 31006
910 ## - DATOS DE OPCIÓN DEL USUARIO (OCLC)
Datos de opción del usuario Validado. Control de calidad MFF
Existencias
Estado de retiro Estado de pérdida No para préstamo Código de colección Localización permanente Ubicación/localización actual Ubicación en estantería Fecha de adquisición Número de inventario Total de préstamos Signatura topográfica completa Código de barras Fecha visto por última vez Precio válido a partir de Tipo de ítem Koha Restricciones de uso Número de copia Nota pública
      Patrimonio Dominicano General General Orden iniciada 08.08.2019 LF1   341.35 A516f 13604-40 25.06.2020 25.06.2020 Libro y Folleto Colección Patrimonio Dominicano      
  Extraviado   Raros y valiosos General General Extraviado 26.09.2011 LF1   341.35 A516f 13604-30 25.06.2020 25.06.2020 Préstamo en sala   e. 3  
    Excluido de préstamo Raros y valiosos Patrimonio Dominicano Patrimonio Dominicano Depósito 26.11.2009 LF1   341.35 A516f 13604-10 25.06.2020 25.06.2020 No se presta     Perteneció a la biblioteca personal de Martínez Boog.
    Excluido de préstamo Raros y valiosos Patrimonio Dominicano Patrimonio Dominicano Depósito 26.09.2011 LF1   341.35 A516f 13604-20 25.06.2020 25.06.2020 No se presta   e. 2 Perteneció a la biblioteca personal de Martínez Boog.

Con tecnología Koha